Encyclopedia of astronomy and astrophysics (Record no. 9539)

MARC details
000 -LEADER
fixed length control field 00700nam a2200205Ia 4500
003 - CONTROL NUMBER IDENTIFIER
control field IN-BaIIA
008 - FIXED-LENGTH DATA ELEMENTS--GENERAL INFORMATION
fixed length control field 211028s9999 xx 000 0 eng d
020 ## - INTERNATIONAL STANDARD BOOK NUMBER
International Standard Book Number 0-12-226690-0
040 ## - CATALOGING SOURCE
Transcribing agency IIA Library
080 ## - UNIVERSAL DECIMAL CLASSIFICATION NUMBER
Universal Decimal Classification number 031:52
Item number MEY
245 #0 - TITLE STATEMENT
Title Encyclopedia of astronomy and astrophysics
Statement of responsibility, etc. edited by R. A. Meyers
260 ## - PUBLICATION, DISTRIBUTION, ETC.
Place of publication, distribution, etc. San Diego
Name of publisher, distributor, etc. Educational Supplies
Date of publication, distribution, etc. 1989
300 ## - PHYSICAL DESCRIPTION
Extent xi, 807p
490 ## - SERIES STATEMENT
Series statement Astronomy and Astrophysics
650 ## - SUBJECT ADDED ENTRY--TOPICAL TERM
Topical term or geographic name entry element Astronomy and Astrophysics Encyclopedia
9 (RLIN) 16074
650 ## - SUBJECT ADDED ENTRY--TOPICAL TERM
Topical term or geographic name entry element Astronomy and Astrophysics Thesaurus
650 ## - SUBJECT ADDED ENTRY--TOPICAL TERM
Topical term or geographic name entry element Encyclopedia-Astronomy and Astrophysics
9 (RLIN) 16075
700 ## - ADDED ENTRY--PERSONAL NAME
Personal name Meyers, R A. ed
9 (RLIN) 16076
942 ## - ADDED ENTRY ELEMENTS (KOHA)
Koha item type Books
Holdings
Withdrawn status Lost status Damaged status Not for loan Home library Current library Shelving location Date acquired Cost, normal purchase price Total Checkouts Full call number Barcode Date last seen Cost, replacement price Price effective from Koha item type Purchase Price
        IIA Library-Bangalore IIA Library-Bangalore General Stacks   794.20   031:52/ MEY 10449 05/11/2021 794.20   Books Rs. 794.20

Powered by Koha